Catholic University of Zimbabwe Library
Online Public Access Catalogue
(OPAC)

The ambassadors and America's Soviet policy / (Record no. 215)

MARC details
000 -LEADER
fixed length control field 01776cam a2200349 a 4500
001 - CONTROL NUMBER
control field 0000000246
005 - DATE AND TIME OF LATEST TRANSACTION
control field 20170406112503.0
008 - FIXED-LENGTH DATA ELEMENTS--GENERAL INFORMATION
fixed length control field 940718s1995 nyum b a001 0 eng
010 ## - LIBRARY OF CONGRESS CONTROL NUMBER
LC control number 94030032
015 ## - NATIONAL BIBLIOGRAPHY NUMBER
National bibliography number GB95-76737
019 ## -
-- 33665360
-- 60245025
-- 123464863
020 ## - INTERNATIONAL STANDARD BOOK NUMBER
International Standard Book Number 0195068025 (acid-free paper)
020 ## - INTERNATIONAL STANDARD BOOK NUMBER
International Standard Book Number 9780195068023 (acid-free paper)
035 ## - SYSTEM CONTROL NUMBER
System control number (OCoLC)30970604
040 ## - CATALOGING SOURCE
Original cataloging agency DLC
Language of cataloging eng
Transcribing agency DLC
Modifying agency UKM
-- BAKER
-- UKV3G
-- NLGGC
-- BTCTA
-- YDXCP
-- NYDWH
-- GEBAY
-- EXW
-- BDX
-- OCLCO
043 ## - GEOGRAPHIC AREA CODE
Geographic area code n-us---
-- e-ur---
050 00 - LIBRARY OF CONGRESS CALL NUMBER
Classification number E183.8.S65
Item number M373 1995
082 00 - DEWEY DECIMAL CLASSIFICATION NUMBER
Classification number 327.73047
Edition number 20
100 1# - MAIN ENTRY--PERSONAL NAME
Personal name Mayers, David Allan,
Dates associated with a name 1951-.
245 14 - TITLE STATEMENT
Title The ambassadors and America's Soviet policy /
Statement of responsibility, etc. David Mayers.
260 ## - PUBLICATION, DISTRIBUTION, ETC.
Place of publication, distribution, etc. New York :
Name of publisher, distributor, etc. Oxford University Press,
Date of publication, distribution, etc. 1995.
300 ## - PHYSICAL DESCRIPTION
Extent viii, 335 p. :
Other physical details ill. ;
Dimensions 24 cm.
504 ## - BIBLIOGRAPHY, ETC. NOTE
Bibliography, etc. note Includes bibliographical references (p. 307-322) and index.
505 00 - FORMATTED CONTENTS NOTE
Title United States Chiefs of Mission in St. Petersburg and Moscow --
-- Before Moscow --
-- St. Petersburg and the U.S. Diplomatic Tradition --
-- From Comity to Estrangement --
-- War and Revolution --
-- In Stalin's Time --
-- Preparing for Moscow --
-- Purges and the Failure of Collective Security --
-- Fragile Coalition --
-- Neither War Nor Peace --
-- Great Power Rivalry --
-- After Stalin --
-- Controlled Rivalry --
-- Collapse and the Art of Diplomacy.
650 #0 - SUBJECT ADDED ENTRY--TOPICAL TERM
Topical term or geographic name entry element Ambassadors
Geographic subdivision United States
General subdivision History
Chronological subdivision 20th century.
650 #0 - SUBJECT ADDED ENTRY--TOPICAL TERM
Topical term or geographic name entry element Ambassadors
Geographic subdivision Soviet Union
General subdivision History.
651 #0 - SUBJECT ADDED ENTRY--GEOGRAPHIC NAME
Geographic name United States
General subdivision Foreign relations
Geographic subdivision Soviet Union.
651 #0 - SUBJECT ADDED ENTRY--GEOGRAPHIC NAME
Geographic name Soviet Union
General subdivision Foreign relations
Geographic subdivision United States.
908 ## - PUT COMMAND PARAMETER (RLIN)
Put command parameter 131008
913 ## -
-- N
989 #7 -
-- ambassadors_and_americas_soviet_policy___________________________1995335____oxa_______________________________
Holdings
Withdrawn status Lost status Source of classification or shelving scheme Damaged status Not for loan Home library Current library Shelving location Date acquired Total Checkouts Full call number Barcode Date last seen Price effective from Koha item type
          CUZ Harare Campus CUZ Harare Campus Open Shelf 06.04.2017   E 183.8S65M373 MAY BK0000297 22.05.2025 06.04.2017 OS Book

OPENING HOURS

Weekdays: 0815hrs - 1800hrs
Weekends:0900hrs - 1200hrs

Closed for Mass:

Mon, Thur: 1200hrs - 1300hrs
Sunday & Public Holiday’s

CALL SUPPORT

0242-570570, 0242-570169
09200664, +263 8644140602

LOCATION

18443, Cranborne Avenue, Hatfield, Harare

Other Links


©2021 | CUZ Library